00580cam a22001337a 4500008004000000082001800040100001400058245016700072260005900239300000900298650002900307999001900336952009100355180718b1997 xxu||||| |||| 00| 0 eng d aR16x5421 K527 aKhan, Q.U aStudy of factors impeding employment of rural women and measures to improve their employability: a case study of varansi districtcby Q.U. Khan and Lalita Manocha aNew DelhibInsitute of Applied Manpower Researchc1997 a65p. aWomen -Employment -India c495295d495295 00104070aIIPAbIIPAd2018-08-04oR16x5421 K527pGR18066r2018-08-04w2018-08-04yGR